000 00860nam a2200253Ia 4500
003 OSt
005 20221005104827.0
006 a|||||r|||| 00| 0
007 ta
008 221004b |||||||| |||| 00| 0 hin d
020 _a8173120404 (hbk)
_c400
024 _a101940
037 _b403, 22/03/2010, Swaraj Prakashan
_cTextual
040 _aCRL
_cCRL
_bhin
041 _2hin
_ahin
082 _aO152,3NGOx, P5
100 _aगोयल, सन्तोष
245 0 _aचर्चित कहानियॉं
246 _aCharchit kahāniyaॉan
260 _aदिल्ली
_bश्री नटराज प्रकाशन भारत
_c2005
300 _a224पृ0
_ccm.
942 _hO152,3NGOx, P5
_cTEXL
_2cc
999 _c1013912
_d1013912